| 000 | 00951nam a22002417a 4500 | ||
|---|---|---|---|
| 005 | 20250604122946.0 | ||
| 010 | _aENG-145163 | ||
| 020 |
_a9789361633294 _c440.00 |
||
| 035 | _aEN-128695 | ||
| 037 | _bDBAD | ||
| 082 |
_a574.03 _21 |
||
| 100 |
_aA. Subhashini _981641 |
||
| 245 |
_aNavigation Social Justice/ _cA. Subhashini...[et].,al] |
||
| 250 | _a1 | ||
| 260 |
_aTamil Nadu _bShanlax Publications _c2024 |
||
| 270 |
_aVasantha Nagar, Madhuri _bTamil Nadu _e625003 |
||
| 300 |
_a233p. _c22cm [pb] |
||
| 700 |
_aStuward J, Jerom _981642 |
||
| 700 |
_aGugan S, Sri _981643 |
||
| 700 |
_aKanniga, T _981644 |
||
| 700 |
_aEmisa, I _981645 |
||
| 942 |
_2ddc _cEN _mSUB _h574.03 _e1 |
||
| 999 |
_c211573 _d211573 |
||